| 000 | 00472nam a2200181Ia 4500 | ||
|---|---|---|---|
| 008 | 230711s9999||||xx |||||||||||||| ||und|| | ||
| 020 | _a0-7484-0745-6 | ||
| 041 | _aENG | ||
| 082 |
_a615.19 _bFR-P |
||
| 100 | _aFrokjaer,Sven | ||
| 245 | 0 | _aPharmaceutical Formulation Development of Peptides and. | |
| 250 | _a1st Ed. | ||
| 260 |
_c2009 _aNew York _bCRC Press Taylor & Francis Group |
||
| 300 | _a238p. | ||
| 650 | _aPharmacy | ||
| 700 | _aHovgaard,Lars | ||
| 942 | _cBK | ||
| 999 |
_c7103 _d7103 |
||